Alternativas a la televisión actual

Gardado en:
Detalles Bibliográficos
Main Authors: Pérez Tornero, José Manuel (Author), Llaquet, Purificación (Author), Moyano, María Adela (Author), Serrano, María G (Author), De La Cueva, Cecilia (Author), De Diego, Ignacio (Author), García Castillejo, Angel (Author), Prado, Emili (Author)
Formato: Libro
Idioma:Lingua castelá
Publicado: Barcelona Gedisa S. A 2007
Edición:1a. ed
Series:Comunicación. txt
Subjects:
Tags: Engadir etiqueta
Sen Etiquetas, Sexa o primeiro en etiquetar este rexistro!

MARC

LEADER 00000cam a2200000 a 4500
001 UCC5863
003 CL-VaPUC
008 181031e20070000sp |||||||||||||||||spa|d
020 |a 9788497842457 
082 0 4 |a 371.335  |b PER  |2 21 
100 0 |a Pérez Tornero, José Manuel  |e author  |9 600273 
700 0 |a Llaquet, Purificación  |e author  |9 600274 
700 0 |a Moyano, María Adela  |e author  |9 600275 
700 0 |a Serrano, María G  |e author  |9 600276 
700 0 |a De La Cueva, Cecilia  |e author  |9 600277 
700 0 |a De Diego, Ignacio  |e author  |9 600278 
700 0 |a García Castillejo, Angel  |e author  |9 600279 
700 0 |a Prado, Emili  |e author  |9 600280 
245 1 0 |a Alternativas a la televisión actual 
250 |a 1a. ed 
300 |a 303 p 
942 |c BK 
945 |d 20181031 17:21:00  |a dcastane 
260 |a Barcelona  |b Gedisa S. A  |c 2007 
650 7 |a TELEVISION EDUCATIVA  |2 CL-VaPUC  |9 310717 
650 0 |a Medios de comunicación de masas  |9 257273 
650 0 |a Medios audiovisuales  |9 269063 
583 |a last modification  |c 20181031 17:21:00  |k Rodrigo Vera 
490 0 |a Comunicación. txt 
999 |c 372972  |d 372970 
952 |0 0  |1 0  |3 erb  |4 0  |6 371_335000000000000_PER_2007  |7 0  |8 A  |9 490864  |a BIBCUR  |b BIBCUR  |i 5511194  |o 371.335 PER 2007  |p 5511194  |r 2024-01-29  |w 2019-11-24  |y BK  |z Catalogado en:20181031  |k PER